<?xml version="1.0" encoding="UTF-8"?><?xml-stylesheet type="text/xsl" href="static/style.xsl"?><OAI-PMH xmlns="http://www.openarchives.org/OAI/2.0/" xmlns:xsi="http://www.w3.org/2001/XMLSchema-instance" xsi:schemaLocation="http://www.openarchives.org/OAI/2.0/ http://www.openarchives.org/OAI/2.0/OAI-PMH.xsd"><responseDate>2026-04-17T12:59:12Z</responseDate><request verb="GetRecord" identifier="oai:www.recercat.cat:2117/132259" metadataPrefix="marc">https://recercat.cat/oai/request</request><GetRecord><record><header><identifier>oai:recercat.cat:2117/132259</identifier><datestamp>2026-01-15T02:15:39Z</datestamp><setSpec>com_2072_1033</setSpec><setSpec>col_2072_452949</setSpec></header><metadata><record xmlns="http://www.loc.gov/MARC21/slim" xmlns:dcterms="http://purl.org/dc/terms/" xmlns:xsi="http://www.w3.org/2001/XMLSchema-instance" xmlns:doc="http://www.lyncode.com/xoai" xsi:schemaLocation="http://www.loc.gov/MARC21/slim http://www.loc.gov/standards/marcxml/schema/MARC21slim.xsd">
   <leader>00925njm 22002777a 4500</leader>
   <datafield ind2=" " ind1=" " tag="042">
      <subfield code="a">dc</subfield>
   </datafield>
   <datafield ind2=" " ind1=" " tag="720">
      <subfield code="a">Quintana Pacheco, Jesús</subfield>
      <subfield code="e">author</subfield>
   </datafield>
   <datafield ind2=" " ind1=" " tag="720">
      <subfield code="a">Ojeda, Arturo</subfield>
      <subfield code="e">author</subfield>
   </datafield>
   <datafield ind2=" " ind1=" " tag="720">
      <subfield code="a">Ramírez, Gerardo</subfield>
      <subfield code="e">author</subfield>
   </datafield>
   <datafield ind2=" " ind1=" " tag="720">
      <subfield code="a">Silvestre Ortiz, José</subfield>
      <subfield code="e">author</subfield>
   </datafield>
   <datafield ind2=" " ind1=" " tag="260">
      <subfield code="c">2018-12</subfield>
   </datafield>
   <datafield ind2=" " ind1=" " tag="520">
      <subfield code="a">En una ciudad marcada por una evidente diferenciación del valor del suelo habitacional, este documento muestra las relaciones del valor y sus principales variables inmobiliarias, de acuerdo con el mercado de la ciudad de Hermosillo, Sonora, México. Lo anterior, a partir de conceptos tradicionales de deseabilidad del entorno edificado, de la accesibilidad urbana y de la jerarquía social; obtenida, en esta ocasión, a través de indicadores de educación, renta, accesibilidad, consumo de agua y criminalidad. El análisis se desarrolla a partir de una base de datos, geográficamente referenciada, con 427 mediciones de valores del suelo y sus características inmobiliarias, además de información del Instituto Nacional de Estadística y Geografía, mediciones del Organismo Operador Municipal Agua de Hermosillo y datos proporcionados por la Secretaría de Seguridad Pública del Estado de Sonora. Las medidas proporcionadas se integran en un sistema de información geográfica, con el cual es posible obtener modelos de precios hedónicos que permitan establecer relaciones estadísticas significativas. A partir, de análisis estadísticos y geoestadísticos multivariados, resueltos con la técnica de regresión lineal múltiple aproximada por OLS y la regresión geográficamente ponderada GWR, considerando una ponderación Gaussiana y una optimización de acuerdo al número de vecinos. Los resultados indican una importante asociación positiva del valor del suelo con el nivel de ingreso, el consumo de agua y la educación; y en este caso, la accesibilidad y la criminalidad en la ciudad parecen ser características que no aportan valor al suelo urbano habitacional.</subfield>
   </datafield>
   <datafield ind2=" " ind1=" " tag="520">
      <subfield code="a">En una ciutat marcada per una evident diferenciació del valor del sòl residencial, aquest document mostra les relacions del valor i les seves principals variables immobiliàries, d'acord amb el mercat de la ciutat d'Hermosillo, Sonora, Mèxic. L'anterior, a partir de conceptes tradicionals de desitjabilitat de l'entorn edificat, de l'accessibilitat urbana i de la jerarquia social; obtinguda, en aquesta ocasió, a través d'indicadors d'educació, renda, accessibilitat, consum d'aigua i criminalitat. L'anàlisi es desenvolupa a partir d'una base de dades, geogràficament referenciada, amb 427 mesuraments de valors del sòl i les seves característiques immobiliàries, a més d'informació de l'Institut Nacional d'Estadística i Geografia, mesuraments de l'Organisme Operador Municipal Aigua de Hermosillo i dades proporcionades per la Secretaria de Seguretat Pública de l'Estat de Sonora. Les mesures proporcionades s'integren en un sistema d'informació geogràfica, amb el qual és possible obtenir models de preus hedònics que permetin establir relacions estadístiques significatives. A partir, d'anàlisis estadístiques i geoestadístics multivariades, resolts amb la tècnica de regressió lineal múltiple aproximada per OLS i la regressió geogràficament ponderada GWR, considerant una ponderació Gaussiana i una optimització d'acord al nombre de veïns. Els resultats indiquen una important associació positiva del valor del sòl amb el nivell d'ingrés, el consum d'aigua i l'educació; i en aquest cas, l'accessibilitat i la criminalitat a la ciutat semblen ser característiques que no aporten valor al sòl urbà residencial.</subfield>
   </datafield>
   <datafield ind2=" " ind1=" " tag="520">
      <subfield code="a">In a city marked by an evident differentiation of the value of the housing land, this document shows the relationships of the value and its main real estate variables, according to the market of the city of Hermosillo, Sonora, Mexico. The above, based on traditional concepts of desirability of the built environment, urban accessibility and social hierarchy; obtained, on this occasion, through indicators of education, rent, accessibility, water consumption and crime. The analysis is developed from a database, geographically referenced, with 427 measurements of land values and their real estate characteristics, in addition to information from the National Institute of Statistics and Geography, field measurements of the Municipal Agency Water Operator of Hermosillo and data provided by the Secretariat of Public Security of the State of Sonora. The measures provided are integrated into a geographic information system, with which it is possible to obtain hedonic price models that allow the establishment of significant statistical relationships. From statistical and geostatistical analyzes, multivariate, solved with the technique of multiple linear regression approximated by OLS and the geographically weighted regression GWR, considering a Gaussian weighting and an optimization according to the number of neighbors. The results indicate a significant positive association of land value with the level of income, water consumption and education; until this moment, the accessibility and the crime in the city, seem to be characteristics that do not contribute value to the residential urban land.</subfield>
   </datafield>
   <datafield ind2=" " ind1=" " tag="520">
      <subfield code="a">Peer Reviewed</subfield>
   </datafield>
   <datafield tag="653" ind2=" " ind1=" ">
      <subfield code="a">Àrees temàtiques de la UPC::Urbanisme</subfield>
   </datafield>
   <datafield tag="653" ind2=" " ind1=" ">
      <subfield code="a">Land use, Urban -- Mexico -- Hermosillo</subfield>
   </datafield>
   <datafield tag="653" ind2=" " ind1=" ">
      <subfield code="a">Real property -- Valuation -- Mexico -- Hermosillo</subfield>
   </datafield>
   <datafield tag="653" ind2=" " ind1=" ">
      <subfield code="a">Valor del suelo</subfield>
   </datafield>
   <datafield tag="653" ind2=" " ind1=" ">
      <subfield code="a">Consumo de agua</subfield>
   </datafield>
   <datafield tag="653" ind2=" " ind1=" ">
      <subfield code="a">Educación</subfield>
   </datafield>
   <datafield tag="653" ind2=" " ind1=" ">
      <subfield code="a">Renta</subfield>
   </datafield>
   <datafield tag="653" ind2=" " ind1=" ">
      <subfield code="a">Criminalidad</subfield>
   </datafield>
   <datafield tag="653" ind2=" " ind1=" ">
      <subfield code="a">Valor del sòl</subfield>
   </datafield>
   <datafield tag="653" ind2=" " ind1=" ">
      <subfield code="a">Consum d'aigua</subfield>
   </datafield>
   <datafield tag="653" ind2=" " ind1=" ">
      <subfield code="a">Educació</subfield>
   </datafield>
   <datafield tag="653" ind2=" " ind1=" ">
      <subfield code="a">Renda</subfield>
   </datafield>
   <datafield tag="653" ind2=" " ind1=" ">
      <subfield code="a">Criminalitat</subfield>
   </datafield>
   <datafield tag="653" ind2=" " ind1=" ">
      <subfield code="a">Land value</subfield>
   </datafield>
   <datafield tag="653" ind2=" " ind1=" ">
      <subfield code="a">Water consumption</subfield>
   </datafield>
   <datafield tag="653" ind2=" " ind1=" ">
      <subfield code="a">Education</subfield>
   </datafield>
   <datafield tag="653" ind2=" " ind1=" ">
      <subfield code="a">Rent</subfield>
   </datafield>
   <datafield tag="653" ind2=" " ind1=" ">
      <subfield code="a">Crime</subfield>
   </datafield>
   <datafield tag="653" ind2=" " ind1=" ">
      <subfield code="a">Sòl, Ús urbà del -- Mèxic -- Hermosillo</subfield>
   </datafield>
   <datafield tag="653" ind2=" " ind1=" ">
      <subfield code="a">Béns immobles -- Valoració -- Mèxic -- Hermosillo</subfield>
   </datafield>
   <datafield ind2="0" ind1="0" tag="245">
      <subfield code="a">El valor del suelo habitacional</subfield>
   </datafield>
   <datafield ind2="0" ind1="0" tag="245">
      <subfield code="a">El valor del sòl residencial</subfield>
   </datafield>
   <datafield ind2="0" ind1="0" tag="245">
      <subfield code="a">The Value of the Housing Land</subfield>
   </datafield>
</record></metadata></record></GetRecord></OAI-PMH>